National Park or National Forest? - Statistics

General Stats
  • This quiz has been taken 3 times
  • The average score is 22 of 25
Answer Stats
Question Answer % Correct
Allegheny National Forest
100%
Mount Hood National Forest
100%
Sierra National Forest
100%
Tahoe National Forest
100%
Roosevelt National Forest
100%
Holly Springs National Forest
100%
Bighorn National Forest
100%
Daniel Boone National Forest
100%
Grand Canyon National Park
100%
Mount Rainier National Park
100%
Yosemite National Park
100%
Theodore Roosevelt National Park
100%
Grand Teton National Park
100%
Hot Springs National Park
100%
Yellowstone National Park
100%
Petrified Forest National Park
100%
Lassen Volcanic National Park
100%
New River Gorge National Park
100%
Sequoia Both
67%
Black Hills National Forest
67%
Lassen National Forest
67%
Finger Lakes National Forest
67%
Rocky Mountain National Park
67%
Everglades National Park
67%
Olympic Both
33%
No matching quizzes found
Score Distribution
Percent of People with Each Score
Percentile by Number Answered
Your Score History
You have not taken this quiz